[Event "XtraCon-Skakligaen"]
[Site "Denmark"]
[Date "2015.01.25"]
[Round "6.7"]
[White "Christensen, Jan Schleicher"]
[Black "Andersen, Jackie"]
[Result "1/2-1/2"]
[WhiteElo "2208"]
[BlackElo "2356"]
[PlyCount "59"]
[EventDate "2014.10.25"]
[EventType "team-tourn"]
[EventRounds "9"]
[EventCountry "DEN"]
[WhiteTeam "Nordre"]
[BlackTeam "Skanderborg"]
[WhiteTeamCountry "DEN"]
[BlackTeamCountry "DEN"]

1. d4 Nf6 2. Nf3 b5 3. e3 a6 4. a4 b4 5. Bd3 e6 6. O-O c5 7. e4 c4 8. Bxc4 Nxe4
9. d5 Bc5 10. Qe2 Nd6 11. dxe6 dxe6 12. Qe5 Nd7 13. Qxg7 Qf6 14. Qxf6 Nxf6 15.
Bb3 Bb7 16. Be3 Nfe4 17. Nbd2 Rg8 18. Nxe4 Nxe4 19. Rfe1 Rd8 20. a5 Bxe3 21.
Rxe3 Ke7 22. Kf1 Nc5 23. g3 Bxf3 24. Rxf3 Rd2 25. Re1 Rgd8 26. Re2 Rd1+ 27. Re1
R1d2 28. Re2 Rd1+ 29. Re1 R1d2 30. Re2 1/2-1/2

[Event "XtraCon-Skakligaen"]
[Site "Denmark"]
[Date "2015.01.25"]
[Round "6.8"]
[White "Hansen, Mads"]
[Black "Klitgaard, Thomas"]
[Result "1-0"]
[WhiteElo "2320"]
[BlackElo "2197"]
[PlyCount "87"]
[EventDate "2014.10.25"]
[EventType "team-tourn"]
[EventRounds "9"]
[EventCountry "DEN"]
[WhiteTeam "Skanderborg"]
[BlackTeam "Nordre"]
[WhiteTeamCountry "DEN"]
[BlackTeamCountry "DEN"]

1. e4 e6 2. d4 d5 3. Nc3 dxe4 4. Nxe4 Nd7 5. Nf3 Ngf6 6. Bd3 Nxe4 7. Bxe4 Nf6
8. Bg5 Qd6 9. Bxf6 gxf6 10. Qe2 Bd7 11. O-O-O O-O-O 12. Kb1 f5 13. Bd3 Bg7 14.
c3 Bc6 15. Nd2 Ba4 16. Rde1 c5 17. Nc4 Qd7 18. Ne5 Bxe5 19. Qxe5 cxd4 20. Rc1
dxc3 21. Rxc3+ Bc6 22. Rxc6+ Qxc6 23. Rc1 Qxc1+ 24. Kxc1 Rhg8 25. Bf1 Rd5 26.
Qe3 Kb8 27. b3 a6 28. Bc4 Rc8 29. h4 Rc6 30. Kb2 Rdc5 31. h5 b5 32. Bd3 Rd5 33.
h6 Rcd6 34. Bc2 Rd2 35. Kc1 R2d5 36. Qg3 Kb7 37. b4 Rc6 38. Qg7 Rd7 39. Kb1 Rd2
40. Bb3 Rcd6 41. Qxh7 Re2 42. Qxf7+ Kb6 43. h7 Rdd2 44. Kc1 1-0

[Event "XtraCon-Skakligaen"]
[Site "Denmark"]
[Date "2015.01.25"]
[Round "6.1"]
[White "Matthiesen, Arne"]
[Black "Hector, Jonny"]
[Result "0-1"]
[WhiteElo "2359"]
[BlackElo "2488"]
[PlyCount "66"]
[EventDate "2014.10.25"]
[EventType "team-tourn"]
[EventRounds "9"]
[EventCountry "DEN"]
[WhiteTeam "SK1968"]
[BlackTeam "Nordkalotten"]
[WhiteTeamCountry "DEN"]
[BlackTeamCountry "DEN"]

1. d4 d5 2. c4 c6 3. Nf3 Nf6 4. Nc3 dxc4 5. a4 Bf5 6. Ne5 Nbd7 7. Nxc4 Qc7 8.
g3 e5 9. dxe5 Nxe5 10. Bf4 Nfd7 11. Bg2 Rd8 12. Qc1 f6 13. O-O Be6 14. Ne4 Bb4
15. Rd1 O-O 16. Qc2 Be7 17. a5 g5 18. Nxe5 gxf4 19. Nxd7 Rxd7 20. Rxd7 Qxd7 21.
gxf4 Kh8 22. a6 b6 23. Ng3 c5 24. f5 Bg8 25. Rd1 Qb5 26. Bd5 c4 27. Bxg8 Rxg8
28. Qe4 Bc5 29. Qb7 Qxb2 30. Kh1 Bxf2 31. Qe7 Bxg3 32. hxg3 Qe5 33. Qxe5 fxe5
0-1

[Event "XtraCon-Skakligaen"]
[Site "Denmark"]
[Date "2015.01.25"]
[Round "6.2"]
[White "Brynell, Stellan"]
[Black "Bank, Pelle Rodkjaer"]
[Result "1-0"]
[WhiteElo "2459"]
[BlackElo "2329"]
[PlyCount "67"]
[EventDate "2014.10.25"]
[EventType "team-tourn"]
[EventRounds "9"]
[EventCountry "DEN"]
[WhiteTeam "Nordkalotten"]
[BlackTeam "SK1968"]
[WhiteTeamCountry "DEN"]
[BlackTeamCountry "DEN"]

1. e4 c5 2. Nf3 d6 3. Bb5+ Nd7 4. d4 Ngf6 5. O-O a6 6. Bxd7+ Nxd7 7. c4 cxd4 8.
Nxd4 e6 9. Nc3 Be7 10. b3 O-O 11. Bb2 Qc7 12. Qe2 b6 13. Rad1 Bb7 14. Kh1 Rfe8
15. f4 Bf6 16. Nf3 Nc5 17. e5 dxe5 18. Nxe5 Rad8 19. Ng4 Be7 20. Rxd8 Rxd8 21.
f5 exf5 22. Rxf5 h5 23. Ne3 Bf8 24. Ncd5 Qd6 25. Qxh5 Qe6 26. Qg5 Rxd5 27. cxd5
Qe4 28. Rf1 Qd3 29. Qf4 f6 30. h3 Qe2 31. Bd4 Nd3 32. Qf3 Qxa2 33. Bxf6 Qxb3
34. Ba1 1-0

[Event "XtraCon-Skakligaen"]
[Site "Denmark"]
[Date "2015.01.25"]
[Round "6.3"]
[White "Hansen, Lars"]
[Black "Sylvan, Jacob"]
[Result "1/2-1/2"]
[WhiteElo "2273"]
[BlackElo "2315"]
[PlyCount "51"]
[EventDate "2014.10.25"]
[EventType "team-tourn"]
[EventRounds "9"]
[EventCountry "DEN"]
[WhiteTeam "SK1968"]
[BlackTeam "Nordkalotten"]
[WhiteTeamCountry "DEN"]
[BlackTeamCountry "DEN"]

1. d4 Nf6 2. Bg5 g6 3. Bxf6 exf6 4. g3 Bg7 5. Bg2 O-O 6. e3 f5 7. Ne2 d6 8. O-O
Nd7 9. c4 c6 10. Nbc3 Nf6 11. b4 Be6 12. Qd3 d5 13. cxd5 Nxd5 14. Nxd5 Bxd5 15.
Bxd5 Qxd5 16. Rfc1 Rfd8 17. Nf4 Qf3 18. Rab1 g5 19. Ne2 f4 20. Rc5 fxg3 21.
hxg3 Rd6 22. Rf5 Qh5 23. Nc3 Re8 24. Qe2 Qg6 25. Qg4 h6 26. Rc1 1/2-1/2

[Event "XtraCon-Skakligaen"]
[Site "Denmark"]
[Date "2015.01.25"]
[Round "6.4"]
[White "Kristensen, Kaare Hove"]
[Black "Matthiesen, Martin"]
[Result "1/2-1/2"]
[WhiteElo "2335"]
[BlackElo "2260"]
[PlyCount "123"]
[EventDate "2014.10.25"]
[EventType "team-tourn"]
[EventRounds "9"]
[EventCountry "DEN"]
[WhiteTeam "Nordkalotten"]
[BlackTeam "SK1968"]
[WhiteTeamCountry "DEN"]
[BlackTeamCountry "DEN"]

1. c4 c5 2. Nf3 Nc6 3. e3 Nf6 4. d4 cxd4 5. exd4 d5 6. Nc3 Bg4 7. cxd5 Nxd5 8.
Qb3 Bxf3 9. gxf3 e6 10. Qxb7 Nxd4 11. Bb5+ Nxb5 12. Qc6+ Ke7 13. Qxb5 Qd7 14.
Nxd5+ Qxd5 15. Bg5+ f6 16. Qxd5 exd5 17. Be3 Ke6 18. O-O-O Rc8+ 19. Kb1 Bc5 20.
Rhe1 Kd6 21. Bf4+ Kc6 22. Re6+ Kd7 23. Re2 g5 24. Be3 Bxe3 25. Rxe3 Kd6 26.
Rde1 Rc4 27. Re6+ Kc5 28. Rc1 Rf8 29. Re7 a5 30. Rc7+ Kb5 31. Rd7 Kc5 32. Rd1
Rh4 33. R1xd5+ Kc6 34. R7d6+ Kc7 35. Re6 Rxh2 36. Rxa5 Kb7 37. Rf5 Rxf2 38.
Re7+ Kb8 39. Rxh7 Rd8 40. a4 Rdd2 41. Rb5+ Ka8 42. Rb3 Rd4 43. Re3 Rb4 44. b3
Rb7 45. Rxb7 Kxb7 46. Kc1 Kc6 47. Re6+ Kb7 48. Rxf6 g4 49. Kd1 gxf3 50. Rf4 Ka6
51. Ke1 Re2+ 52. Kf1 Re3 53. b4 Rb3 54. Kf2 Ra3 55. Rf6+ Kb7 56. a5 Rb3 57.
Rb6+ Ka7 58. b5 Ra3 59. Ra6+ Kb7 60. Kg3 Rb3 61. Rb6+ Ka7 62. Kf2 1/2-1/2

[Event "XtraCon-Skakligaen"]
[Site "Denmark"]
[Date "2015.01.25"]
[Round "6.5"]
[White "Rewitz, Poul"]
[Black "Pedersen, Daniel V"]
[Result "1-0"]
[WhiteElo "2253"]
[BlackElo "2254"]
[PlyCount "77"]
[EventDate "2014.10.25"]
[EventType "team-tourn"]
[EventRounds "9"]
[EventCountry "DEN"]
[WhiteTeam "SK1968"]
[BlackTeam "Nordkalotten"]
[WhiteTeamCountry "DEN"]
[BlackTeamCountry "DEN"]

1. d4 d5 2. c4 e6 3. Nc3 Nf6 4. Bg5 Be7 5. e3 h6 6. Bxf6 Bxf6 7. cxd5 exd5 8.
Bd3 O-O 9. Nge2 Re8 10. O-O c6 11. Qc2 a5 12. Rac1 Na6 13. a3 Nc7 14. Nf4 Ne6
15. Nxe6 Bxe6 16. Na4 Be7 17. Qb3 Qc7 18. Qb6 Qb8 19. Nc5 Bc8 20. Qb3 Bd6 21.
g3 h5 22. e4 Bxc5 23. Rxc5 dxe4 24. Bc4 Be6 25. Rxh5 Qd6 26. Bxe6 Qxe6 27. Qxb7
Rab8 28. Qc7 Qc4 29. Qd7 g6 30. Rc5 Qe2 31. Rxc6 e3 32. Rf6 Re7 33. Qd5 Kg7 34.
fxe3 Qxe3+ 35. Kh1 Rbb7 36. R6f4 a4 37. Qg5 f5 38. g4 Rb5 39. gxf5 1-0

[Event "XtraCon-Skakligaen"]
[Site "Denmark"]
[Date "2015.01.25"]
[Round "6.6"]
[White "Jakobsen, Peter"]
[Black "Pedersen, Gunnar"]
[Result "1-0"]
[WhiteElo "2227"]
[BlackElo "2232"]
[PlyCount "99"]
[EventDate "2014.10.25"]
[EventType "team-tourn"]
[EventRounds "9"]
[EventCountry "DEN"]
[WhiteTeam "Nordkalotten"]
[BlackTeam "SK1968"]
[WhiteTeamCountry "DEN"]
[BlackTeamCountry "DEN"]

1. d4 b5 2. e4 Bb7 3. Bxb5 Bxe4 4. Nf3 Nf6 5. O-O e6 6. c4 Be7 7. Nc3 Bb7 8.
Bf4 O-O 9. Re1 d6 10. Qe2 Nbd7 11. Rad1 Nb6 12. d5 e5 13. Bc1 Rb8 14. a4 a6 15.
Bc6 Bxc6 16. dxc6 Qe8 17. Nd5 Nbxd5 18. cxd5 Qc8 19. Qc2 Qg4 20. h3 Qb4 21. Re3
g6 22. b3 Rbe8 23. Rc3 Nh5 24. Rc4 Qb8 25. Bh6 Ng7 26. b4 f5 27. Rb1 Rf7 28. b5
Bd8 29. Qd2 f4 30. Bxg7 Kxg7 31. Re4 g5 32. Nd4 axb5 33. Rxb5 Qc8 34. Ne6+ Kg6
35. Qd3 Kh6 36. a5 f3 37. g4 Qa6 38. Qb3 Bf6 39. Ra4 e4 40. Rxe4 Be5 41. Reb4
Ree7 42. Re4 Rf6 43. Re3 Ref7 44. Nc5 Qa7 45. Nd3 Qd4 46. Re1 Re7 47. Rb4 Qa7
48. Nxe5 dxe5 49. Qa3 Rd6 50. Rb7 1-0

[Event "XtraCon-Skakligaen"]
[Site "Denmark"]
[Date "2015.01.25"]
[Round "6.7"]
[White "Bindzus, Niels"]
[Black "Hove, Esben Kjems"]
[Result "1/2-1/2"]
[WhiteElo "2182"]
[BlackElo "2224"]
[PlyCount "142"]
[EventDate "2014.10.25"]
[EventType "team-tourn"]
[EventRounds "9"]
[EventCountry "DEN"]
[WhiteTeam "SK1968"]
[BlackTeam "Nordkalotten"]
[WhiteTeamCountry "DEN"]
[BlackTeamCountry "DEN"]

1. e4 c6 2. d4 d5 3. Nd2 dxe4 4. Nxe4 Bf5 5. Ng3 Bg6 6. h4 h6 7. Nf3 Nd7 8. h5
Bh7 9. Bd3 Bxd3 10. Qxd3 e6 11. Bd2 Ngf6 12. O-O-O Qc7 13. Kb1 O-O-O 14. Qe2
Bd6 15. Ne4 Nxe4 16. Qxe4 Nf6 17. Qe2 Kb8 18. c4 c5 19. Bc3 Ka8 20. d5 Rhe8 21.
Bxf6 gxf6 22. Qc2 f5 23. g3 Bf8 24. Qc3 b5 25. Rhe1 bxc4 26. Qxc4 Qb7 27. Re3
Qb4 28. Ne5 Qxc4 29. Nxc4 Bg7 30. Re2 Rd7 31. Kc2 Bd4 32. dxe6 Rxe6 33. Rxe6
fxe6 34. Rd2 Kb8 35. Re2 Re7 36. Ne5 Kc7 37. Ng6 Re8 38. f3 Kd6 39. g4 fxg4 40.
fxg4 Bf6 41. b3 e5 42. Kd3 Rb8 43. Ke4 Ke6 44. Rc2 Rb4+ 45. Rc4 a5 46. Nf8+ Kd6
47. Kf5 Bg7 48. Ne6 Bh8 49. Rc2 e4 50. Rd2+ Ke7 51. Nc7 e3 52. Re2 Rb8 53.
Rxe3+ Kf7 54. Rd3 Ke7 55. Nd5+ Kf7 56. Ne3 Ke7 57. Ke4 Ke6 58. Nf5 Rb4+ 59. Kf3
a4 60. Nxh6 Be5 61. Ke2 c4 62. bxc4 Rxc4 63. a3 Rc2+ 64. Kf3 Rc3 65. Ke2 Rxd3
66. Kxd3 Bb2 67. Nf5 Bxa3 68. Kc2 Kf6 69. h6 Kg6 70. g5 Bf8 71. Nd4 Bxh6
1/2-1/2

[Event "XtraCon-Skakligaen"]
[Site "Denmark"]
[Date "2015.01.25"]
[Round "6.8"]
[White "Ejsing, Esben"]
[Black "Andersen, Lars Ren"]
[Result "1-0"]
[WhiteElo "2190"]
[BlackElo "2131"]
[PlyCount "87"]
[EventDate "2014.10.25"]
[EventType "team-tourn"]
[EventRounds "9"]
[EventCountry "DEN"]
[WhiteTeam "Nordkalotten"]
[BlackTeam "SK1968"]
[WhiteTeamCountry "DEN"]
[BlackTeamCountry "DEN"]

1. d4 d6 2. Nf3 g6 3. Bf4 Bg7 4. e3 Nf6 5. h3 O-O 6. Be2 c5 7. c3 b6 8. O-O Bb7
9. a4 a6 10. Nbd2 Nbd7 11. Bh2 Qb8 12. b4 Qa7 13. Qb3 cxd4 14. cxd4 Rac8 15.
Rac1 Qa8 16. Rfd1 Ne4 17. Nxe4 Bxe4 18. Ne1 Nf6 19. f3 Bb7 20. Rxc8 Rxc8 21. e4
Bf8 22. Bf4 e6 23. Qb2 Nd7 24. Be3 Rc7 25. Rc1 Qc8 26. Rxc7 Qxc7 27. Qc2 Qxc2
28. Nxc2 f5 29. d5 e5 30. Na3 fxe4 31. fxe4 Kf7 32. Nc4 b5 33. Na5 Bc8 34. axb5
axb5 35. Bxb5 Nb8 36. Nc6 Na6 37. Bc4 Ke8 38. Kf2 Be7 39. Bb5 Kf7 40. Ke2 Bh4
41. Kd3 Be1 42. Kc4 Kf6 43. Na7 Bb7 44. Bc6 1-0

[Event "XtraCon-Skakligaen"]
[Site "Denmark"]
[Date "2015.01.25"]
[Round "6.1"]
[White "Fries Nielsen, Niels Jorgen"]
[Black "Skytte, Rasmus"]
[Result "0-1"]
[WhiteElo "2329"]
[BlackElo "2425"]
[PlyCount "60"]
[EventDate "2014.10.25"]
[EventType "team-tourn"]
[EventRounds "9"]
[EventCountry "DEN"]
[WhiteTeam "Esbjerg"]
[BlackTeam "AarhusSkolerne"]
[WhiteTeamCountry "DEN"]
[BlackTeamCountry "DEN"]

1. g3 d5 2. Bg2 Nf6 3. Nf3 Bf5 4. Nh4 Be4 5. f3 Bg6 6. d4 c5 7. Nxg6 hxg6 8.
dxc5 e5 9. c4 d4 10. Nd2 Nc6 11. O-O Bxc5 12. Nb3 Be7 13. e3 O-O 14. f4 exf4
15. Rxf4 d3 16. Bd2 Qd7 17. Bc3 Rad8 18. Qd2 g5 19. Rf2 Ng4 20. Bh3 f5 21. Bxg4
fxg4 22. Rxf8+ Bxf8 23. Bd4 Qe6 24. Rd1 Bb4 25. Qxd3 Ne5 26. Qe2 Nf3+ 27. Kh1
Qe4 28. Qg2 Rd6 29. a3 Rh6 30. axb4 Qh7 0-1

[Event "XtraCon-Skakligaen"]
[Site "Denmark"]
[Date "2015.01.25"]
[Round "6.2"]
[White "Sorensen, Jan"]
[Black "Poulsen, Iver"]
[Result "1-0"]
[WhiteElo "2431"]
[BlackElo "2095"]
[PlyCount "139"]
[EventDate "2014.10.25"]
[EventType "team-tourn"]
[EventRounds "9"]
[EventCountry "DEN"]
[WhiteTeam "AarhusSkolerne"]
[BlackTeam "Esbjerg"]
[WhiteTeamCountry "DEN"]
[BlackTeamCountry "DEN"]

1. e4 c5 2. b3 g6 3. Bb2 Nf6 4. h4 d6 5. h5 Bg7 6. h6 Bf8 7. f4 Nc6 8. Nf3 Bg4
9. Bb5 Qc7 10. Nc3 a6 11. Bxc6+ Qxc6 12. d3 Rg8 13. Rh4 g5 14. fxg5 Rxg5 15.
Qd2 Rg6 16. O-O-O Bh5 17. Kb1 Bxh6 18. Qe2 Bg5 19. Rhh1 Bg4 20. e5 dxe5 21.
Qxe5 Bxf3 22. gxf3 Qd6 23. Qe1 O-O-O 24. Na4 b5 25. Be5 Qc6 26. Nc3 Nd7 27. f4
Nxe5 28. fxg5 Rxg5 29. Qe3 Rdg8 30. Ne4 Ng4 31. Qf4 R5g7 32. Rxh7 Nf6 33. Qf5+
e6 34. Qxf6 Rxh7 35. Qe7 Rd8 36. Rg1 Rh5 37. Qxf7 Rhd5 38. Rg6 Qe8 39. Qxe8
Rxe8 40. Nf6 Rdd8 41. Nxe8 Rxe8 42. Rg7 Rd8 43. Re7 Rd6 44. Kb2 Kd8 45. Ra7 e5
46. Kc3 Re6 47. a3 e4 48. dxe4 Rxe4 49. Rxa6 Kc7 50. a4 bxa4 51. Rxa4 Re2 52.
Kd3 Rh2 53. Ra6 Rh4 54. Re6 Rd4+ 55. Kc3 Rh4 56. Kb2 Rg4 57. Ka3 Rg2 58. c4 Rg3
59. Ka4 Rh3 60. Rg6 Rf3 61. Kb5 Rxb3+ 62. Kxc5 Rc3 63. Rg7+ Kc8 64. Kb5 Rc1 65.
c5 Rh1 66. Kb6 Rh6+ 67. c6 Rh8 68. Ra7 Kb8 69. c7+ Kc8 70. Ra8+ 1-0

[Event "XtraCon-Skakligaen"]
[Site "Denmark"]
[Date "2015.01.25"]
[Round "6.3"]
[White "Bonnelykke, Ole"]
[Black "Christensen, Tobias"]
[Result "1/2-1/2"]
[WhiteElo "2045"]
[BlackElo "2369"]
[PlyCount "105"]
[EventDate "2014.10.25"]
[EventType "team-tourn"]
[EventRounds "9"]
[EventCountry "DEN"]
[WhiteTeam "Esbjerg"]
[BlackTeam "AarhusSkolerne"]
[WhiteTeamCountry "DEN"]
[BlackTeamCountry "DEN"]

1. e4 c6 2. Nc3 d5 3. g3 dxe4 4. Nxe4 Nd7 5. Bg2 Ndf6 6. Nxf6+ Nxf6 7. Nf3 g6
8. O-O Bg7 9. d4 O-O 10. c3 Qb6 11. Re1 Re8 12. Ne5 Be6 13. Qe2 Rad8 14. h3 Bd5
15. Ng4 Nxg4 16. hxg4 e5 17. dxe5 Bxg2 18. Kxg2 Rxe5 19. Be3 c5 20. Rad1 Rde8
21. Qd2 Qe6 22. Qd7 Bh6 23. Qxe6 R5xe6 24. Kf3 Bxe3 25. Rxe3 Rxe3+ 26. fxe3 Re7
27. e4 f6 28. Rd5 b6 29. g5 fxg5 30. Rxg5 Rf7+ 31. Ke2 Kg7 32. Rd5 Kf6 33. a4
Ke6 34. a5 Rc7 35. axb6 axb6 36. Kd3 Rf7 37. Ke2 Ra7 38. Ke3 Ra1 39. Rd2 h6 40.
Kf3 Rf1+ 41. Ke3 h5 42. Rd8 Rb1 43. Rd2 Rh1 44. Kf3 g5 45. Rd5 g4+ 46. Kf4 Rf1+
47. Kg5 Rh1 48. b4 h4 49. Kxg4 hxg3 50. Kxg3 Rc1 51. bxc5 Rxc3+ 52. Kf4 bxc5
53. Rd8 1/2-1/2

[Event "XtraCon-Skakligaen"]
[Site "Denmark"]
[Date "2015.01.25"]
[Round "6.4"]
[White "Pedersen, Finn"]
[Black "Hartvig, Ove Weiss"]
[Result "1/2-1/2"]
[WhiteElo "2278"]
[BlackElo "2199"]
[PlyCount "55"]
[EventDate "2014.10.25"]
[EventType "team-tourn"]
[EventRounds "9"]
[EventCountry "DEN"]
[WhiteTeam "AarhusSkolerne"]
[BlackTeam "Esbjerg"]
[WhiteTeamCountry "DEN"]
[BlackTeamCountry "DEN"]

1. Nf3 Nf6 2. e3 c5 3. Be2 b6 4. O-O Bb7 5. d4 e6 6. c4 Be7 7. Nc3 cxd4 8. Nxd4
O-O 9. b3 d5 10. Bf3 Qd7 11. cxd5 Nxd5 12. Bb2 Rd8 13. Rc1 Nxc3 14. Rxc3 e5 15.
Bxb7 Qxb7 16. Qf3 Qxf3 17. Nxf3 f6 18. Rfc1 Na6 19. a3 Nc5 20. Ra1 Rd7 21. Kf1
Rad8 22. Ke2 Ne4 23. Rc2 a5 24. Rc4 Nd2 25. Rc3 Ne4 26. Rc4 Nd2 27. Rc3 Ne4 28.
Rc4 1/2-1/2

[Event "XtraCon-Skakligaen"]
[Site "Denmark"]
[Date "2015.01.25"]
[Round "6.5"]
[White "Lindestrom, Torsten"]
[Black "Rendboe, John Filip"]
[Result "1/2-1/2"]
[WhiteElo "2224"]
[BlackElo "2196"]
[PlyCount "79"]
[EventDate "2014.10.25"]
[EventType "team-tourn"]
[EventRounds "9"]
[EventCountry "DEN"]
[WhiteTeam "Esbjerg"]
[BlackTeam "AarhusSkolerne"]
[WhiteTeamCountry "DEN"]
[BlackTeamCountry "DEN"]

1. f4 d5 2. Nf3 Nf6 3. g3 g6 4. Bg2 Bg7 5. O-O O-O 6. d3 Nc6 7. Qe1 Qd6 8. c3
e5 9. fxe5 Nxe5 10. Nxe5 Qxe5 11. e4 dxe4 12. Nd2 Bf5 13. Nxe4 Nxe4 14. dxe4
Be6 15. Be3 Qb5 16. Qf2 Rad8 17. Bd4 b6 18. Bxg7 Kxg7 19. a4 Qe5 20. Rfd1 a5
21. Qc2 Bg4 22. Rf1 Be6 23. Rad1 Bc4 24. Rfe1 Qe6 25. Rd4 c5 26. Rxd8 Rxd8 27.
e5 Bd3 28. Qf2 Qf5 29. Qe3 Bc4 30. Bf1 Be6 31. Bb5 Qg4 32. Rf1 Rd1 33. Qf2
Rxf1+ 34. Qxf1 Qe4 35. Qf4 Qb1+ 36. Qf1 Qxb2 37. Qf6+ Kg8 38. Qd8+ Kg7 39. Qf6+
Kg8 40. Qd8+ 1/2-1/2

[Event "XtraCon-Skakligaen"]
[Site "Denmark"]
[Date "2015.01.25"]
[Round "6.6"]
[White "Hagen, Kresten Skytte"]
[Black "Maarup, Michael"]
[Result "0-1"]
[WhiteElo "2163"]
[BlackElo "2152"]
[PlyCount "40"]
[EventDate "2014.10.25"]
[EventType "team-tourn"]
[EventRounds "9"]
[EventCountry "DEN"]
[WhiteTeam "AarhusSkolerne"]
[BlackTeam "Esbjerg"]
[WhiteTeamCountry "DEN"]
[BlackTeamCountry "DEN"]

1. Nf3 Nf6 2. c4 e6 3. Nc3 d5 4. d4 c5 5. cxd5 exd5 6. Bg5 cxd4 7. Bxf6 Qxf6 8.
Nxd5 Qd8 9. Qxd4 Nc6 10. Qe4+ Be6 11. Nc3 Qb6 12. O-O-O Be7 13. e3 Qc5 14. a3
Qa5 15. Nb5 O-O 16. Bd3 g6 17. b4 Nxb4 18. axb4 Bxb4 19. Nfd4 Rac8+ 20. Bc2
Qa1# 0-1

[Event "XtraCon-Skakligaen"]
[Site "Denmark"]
[Date "2015.01.25"]
[Round "6.7"]
[White "Hansen, Stefan"]
[Black "Jensen, Vagn"]
[Result "1-0"]
[WhiteElo "2102"]
[BlackElo "2147"]
[PlyCount "175"]
[EventDate "2014.10.25"]
[EventType "team-tourn"]
[EventRounds "9"]
[EventCountry "DEN"]
[WhiteTeam "Esbjerg"]
[BlackTeam "AarhusSkolerne"]
[WhiteTeamCountry "DEN"]
[BlackTeamCountry "DEN"]

1. c4 e5 2. g3 Nf6 3. Bg2 c6 4. a3 d5 5. cxd5 cxd5 6. d4 exd4 7. Nf3 Nc6 8. O-O
Be7 9. Nxd4 O-O 10. Nc3 a6 11. h3 Be6 12. Be3 Rc8 13. Qd2 Na5 14. b3 Nc6 15.
Rfd1 Nxd4 16. Bxd4 Ne4 17. Nxe4 dxe4 18. Qb2 f6 19. Bxe4 Qc7 20. Rac1 Qb8 21.
Bg2 b5 22. b4 Bc4 23. e4 Bd6 24. f4 Rfe8 25. h4 Bc7 26. Qf2 Rcd8 27. Kh1 Qc8
28. Kh2 Qe6 29. Re1 Bb8 30. Rcd1 Bb3 31. Rd2 Bc7 32. Qf3 Bc4 33. Red1 a5 34.
Bc5 Rxd2 35. Rxd2 axb4 36. axb4 Rd8 37. Qc3 Rxd2 38. Qxd2 h6 39. Qd4 Kh8 40.
Bf3 Kh7 41. Bg2 Kh8 42. Bh3 Qa6 43. Qd2 Qc6 44. Qd7 Qxd7 45. Bxd7 Kg8 46. Be8
g5 47. hxg5 hxg5 48. Be3 gxf4 49. gxf4 Bd6 50. Bd2 Kf8 51. Bd7 Ke7 52. Bc6 Bc7
53. Kg3 Kd6 54. Bb7 Ke7 55. Bc3 Bd6 56. e5 fxe5 57. fxe5 Bc7 58. Kf4 Bb6 59.
Be1 Kd7 60. Be4 Bd4 61. Kf5 Bb6 62. Ba8 Bd8 63. Ke4 Bf1 64. Kf4 Ke6 65. Bb7 Bb6
66. Bh4 Bc4 67. Bc8+ Kf7 68. Bd7 Bd4 69. Be1 Ke7 70. Bg4 Bg1 71. Ke4 Bb6 72.
Bc3 Bf1 73. Bd4 Bg2+ 74. Ke3 Bc7 75. Bc5+ Kf7 76. Kd4 Bd8 77. Bd7 Bf1 78. e6+
Kf6 79. Kd5 Bg2+ 80. Kd6 Be7+ 81. Kc7 Bxc5 82. bxc5 b4 83. Kd8 b3 84. e7 b2 85.
e8=Q b1=Q 86. Qe6+ Kg7 87. Qe5+ Kh6 88. Qh2+ 1-0

[Event "XtraCon-Skakligaen"]
[Site "Denmark"]
[Date "2015.01.25"]
[Round "6.8"]
[White "Tettinek, Michael"]
[Black "Jensen, Henrik Tranberg"]
[Result "0-1"]
[WhiteElo "2041"]
[BlackElo "2057"]
[PlyCount "96"]
[EventDate "2014.10.25"]
[EventType "team-tourn"]
[EventRounds "9"]
[EventCountry "DEN"]
[WhiteTeam "AarhusSkolerne"]
[BlackTeam "Esbjerg"]
[WhiteTeamCountry "DEN"]
[BlackTeamCountry "DEN"]

1. d4 Nf6 2. Nf3 g6 3. Bf4 Bg7 4. e3 O-O 5. Be2 b6 6. h3 Bb7 7. O-O d6 8. c4 c5
9. Nc3 Nbd7 10. d5 a6 11. Qb3 Ne8 12. Rad1 Nc7 13. a4 a5 14. Rfe1 Na6 15. Nb5
Nb4 16. Bf1 Bc8 17. e4 f6 18. Nh2 Ne5 19. Bxe5 fxe5 20. Re3 Bd7 21. Rf3 Rxf3
22. Nxf3 Bh6 23. Ne1 Qf8 24. Nd3 Qf6 25. Nxb4 axb4 26. Rd3 Qh4 27. g4 Rf8 28.
Rf3 Bf4 29. Bg2 h5 30. gxh5 g5 31. Nc7 g4 32. hxg4 Bxg4 33. Rh3 Bxh3 34. Qxh3
Qxh3 35. Bxh3 b3 36. Ne6 Ra8 37. Nxf4 exf4 38. Bd7 Kg7 39. Kg2 Kf6 40. Kf3 Kg5
41. Ke2 Kxh5 42. Kd3 Rg8 43. e5 Rg2 44. exd6 exd6 45. f3 Rc2 46. Bf5 Kh4 47.
Bg4 Kg3 48. Bh5 Rxb2 0-1

[Event "XtraCon-Skakligaen"]
[Site "Denmark"]
[Date "2015.01.25"]
[Round "6.1"]
[White "Schandorff, Lars"]
[Black "Hansen, Mads Smith"]
[Result "1-0"]
[WhiteElo "2532"]
[BlackElo "2378"]
[PlyCount "209"]
[EventDate "2014.10.25"]
[EventType "team-tourn"]
[EventRounds "9"]
[EventCountry "DEN"]
[WhiteTeam "Hillerod"]
[BlackTeam "Obro"]
[WhiteTeamCountry "DEN"]
[BlackTeamCountry "DEN"]

1. Nf3 Nf6 2. c4 e6 3. Nc3 b6 4. g3 Bb7 5. Bg2 c5 6. O-O Be7 7. d4 cxd4 8. Qxd4
d6 9. Bg5 a6 10. Bxf6 Bxf6 11. Qf4 O-O 12. Rfd1 Be7 13. Ne4 Bxe4 14. Qxe4 Ra7
15. Nd4 Qc8 16. b3 Re8 17. a4 Qc5 18. Ra2 Qb4 19. Qb1 Rc8 20. Rad2 Rac7 21. Nc2
Qc5 22. Ne3 Nc6 23. Bxc6 Qxc6 24. Qd3 Rd7 25. Nc2 Rb8 26. Nd4 Qc8 27. e4 Rc7
28. Qe2 Rc5 29. h4 Qb7 30. Rd3 Bf8 31. Re3 Rbc8 32. Kh2 R8c7 33. Qf3 Be7 34.
Kg2 Rd7 35. Rd2 Rdc7 36. Nc2 b5 37. axb5 axb5 38. Na3 bxc4 39. Nxc4 d5 40. exd5
exd5 41. Ne5 Bf8 42. Rd4 Re7 43. b4 Rb5 44. Nd3 Rxe3 45. Qxe3 h5 46. Qe8 Qb8
47. Qxb8 Rxb8 48. Rxd5 Bxb4 49. Rxh5 g6 50. Rd5 Be7 51. Ne5 Rb7 52. Ng4 Kg7 53.
h5 gxh5 54. Rxh5 Rb4 55. Ne3 Kg6 56. Ra5 Rb6 57. Nd5 Rb7 58. Ra6+ Kg7 59. Ne3
Rb5 60. Kh3 Bc5 61. Nf5+ Kg8 62. f4 Rb6 63. Ra5 Bb4 64. Ra7 Bc3 65. Kg4 Bb2 66.
Rc7 Ra6 67. Rd7 Ba3 68. Kg5 Bf8 69. Rd8 Rg6+ 70. Kh5 Ra6 71. Rc8 Ra5 72. Kg4
Ra6 73. Rb8 Rg6+ 74. Kf3 Ra6 75. Rb7 Ra5 76. Nd4 Bg7 77. Nc6 Ra8 78. g4 Re8 79.
g5 Bf8 80. Ne5 Re7 81. Rb8 Kg7 82. Ng4 Ra7 83. Nf6 Ra3+ 84. Kg4 Ra4 85. Rd8 Rb4
86. Ra8 Rc4 87. Kf3 Rc3+ 88. Ke4 Rc4+ 89. Kd3 Rc1 90. f5 Rf1 91. Ke4 Re1+ 92.
Kd5 Rd1+ 93. Ke5 Rg1 94. Nh5+ Kg8 95. Kf4 Rf1+ 96. Kg4 Rg1+ 97. Ng3 Rb1 98. f6
Rb4+ 99. Kf3 Rb3+ 100. Kf4 Rb4+ 101. Ne4 Rb1 102. Rd8 Ra1 103. Nc3 Rf1+ 104.
Ke3 Re1+ 105. Kd3 1-0

[Event "XtraCon-Skakligaen"]
[Site "Denmark"]
[Date "2015.01.25"]
[Round "6.2"]
[White "Hansen, Soren Bech"]
[Black "Borge, Nikolaj"]
[Result "1/2-1/2"]
[WhiteElo "2296"]
[BlackElo "2383"]
[PlyCount "41"]
[EventDate "2014.10.25"]
[EventType "team-tourn"]
[EventRounds "9"]
[EventCountry "DEN"]
[WhiteTeam "Obro"]
[BlackTeam "Hillerod"]
[WhiteTeamCountry "DEN"]
[BlackTeamCountry "DEN"]

1. e4 c5 2. Nf3 e6 3. g3 d5 4. exd5 exd5 5. d4 Nc6 6. Bg2 cxd4 7. Nxd4 Bc5 8.
Nb3 Qe7+ 9. Qe2 Be6 10. O-O Bb6 11. Nc3 O-O-O 12. Na4 Bc7 13. Nac5 Nf6 14. Bg5
Rhe8 15. Qb5 Be5 16. c4 dxc4 17. Bxc6 bxc6 18. Qxc6+ Qc7 19. Qa8+ Qb8 20. Qc6+
Qc7 21. Qa8+ 1/2-1/2